• 首页
  • 本馆介绍
  • 公告通知
  • 最新文献
  • 馆藏检索
  • 电子资源
  • 读者导购
  • 参考咨询
  • 我的图书馆
  • 登录
  • 详细信息显示
  • 放入我的书架
  • 预约/预借图书
  • 作者相关作品
  • 分类相关作品
  • 丛书相关作品
  • 出版社相关作品

书目信息

  • 表格格式
  • 工作单格式
  • 卡片格式
题名:
方言学教程
    
 
作者: 钱伯斯 , 德鲁吉尔 著 ;吴可颖 译
分册:  
出版信息: 北京   北京大学出版社  2016
页数: 272页
开本: 23cm
丛书名: 博雅西方语言学教材名著系列
单 册:
中图分类: H07
科图分类:
主题词: 方言学--fang yan xue--教材
电子资源:
ISBN: 978-7-301-27536-8
000 01622nam0 22003011 450
001 0109172534
005 20170309172534.0
010    @a978-7-301-27536-8@dCNY48.00
100    @a20161115d2016 em y0chiy50 ea
101 1  @achi@ceng
102    @aCN@b110000
105    @aa z 000yy
106    @ar
200 1  @a方言学教程@9fang yan xue jiao cheng@dDialectology@f(加)杰克·钱伯斯(J.K. Chambers),(瑞士)彼得·德鲁吉尔(Peter Trudgill)著@g(加)吴可颖译@zeng
210    @a北京@c北京大学出版社@d2016
215    @a272页@c图@d23cm
225 2  @a博雅西方语言学教材名著系列@9bo ya xi fang yu yan xue jiao cai ming zhu xi lie
305    @a剑桥大学出版社授权出版 据剑桥大学出版社1998年版(原书第2版)译出
330    @a本书是西方语言学界第一部全面阐述方言学基本原理的里程碑著作。系统梳理了西方方言研究一百多年的历史发展,详略得当地介绍和评价了这个领域内出现过的各种流派、理论、代表人物及其研究方法和重要成果。作者将城市方言学(社会语言学)、方言地理学(传统方言学)和对语言空间变异的描绘整合起来使之成为一个连贯而统一的学科——现代方言学。本书第一版发表于1980年。这是1998年修订版的译本。在修订版中,作者不仅将西方方言研究在上个世纪八、九十年代的新发展包括了进来,还增添了方言测量学和语言变异性分析两项新内容,同时也更新了方言地理学的新近发展。
461  0 @12001 @a博雅西方语言学教材名著系列
510 1  @aDialectology@zeng
606 0  @a方言学@9fang yan xue@j教材
690    @aH07@v5
701  0 @c(加)@a钱伯斯@9qian bai si@c(Chambers, J.K.)@4著
701  0 @c(瑞士)@a德鲁吉尔@9de lu ji er@c(Trudgill,Peter)@4著
702  0 @c(加)@a吴可颖@9wu ke ying@4译
801  0 @aCN@bTANGWEI@c20170308
905    @b0954384-6@dH07@e208@f3
    
    方言学教程=Dialectology/(加)杰克·钱伯斯(J.K. Chambers),(瑞士)彼得·德鲁吉尔(Peter Trudgill)著/(加)吴可颖译.-北京:北京大学出版社,2016
    272页:图;23cm.-(博雅西方语言学教材名著系列)
    
    
    ISBN 978-7-301-27536-8:CNY48.00
    本书是西方语言学界第一部全面阐述方言学基本原理的里程碑著作。系统梳理了西方方言研究一百多年的历史发展,详略得当地介绍和评价了这个领域内出现过的各种流派、理论、代表人物及其研究方法和重要成果。作者将城市方言学(社会语言学)、方言地理学(传统方言学)和对语言空间变异的描绘整合起来使之成为一个连贯而统一的学科——现代方言学。本书第一版发表于1980年。这是1998年修订版的译本。在修订版中,作者不仅将西方方言研究在上个世纪八、九十年代的新发展包括了进来,还增添了方言测量学和语言变异性分析两项新内容,同时也更新了方言地理学的新近发展。
●
相关链接 在E读中查询图书 在五车中查询图书 在当当中查询图书 在豆瓣中查询图书


正题名:方言学教程     索取号:H07/208         预约/预借

序号 登录号 条形码 馆藏地/架位号 状态 备注
1 0954384   209543840   第二样本阅览室/ [索取号:H07/208] 在馆    
2 0954385   209543859   第四借阅区/ [索取号:H07/208] 在馆    
3 0954386   209543868   第四借阅区/ [索取号:H07/208] 在馆    
唐山师范学院图书馆 欢迎您!
大连网信软件有限公司© 版权所有